<?xml version="1.0" encoding="UTF-8"?>
<record
    xmlns:xsi="http://www.w3.org/2001/XMLSchema-instance"
    xsi:schemaLocation="http://www.loc.gov/MARC21/slim http://www.loc.gov/standards/marcxml/schema/MARC21slim.xsd"
    xmlns="http://www.loc.gov/MARC21/slim">

  <leader>00366nam a22001577a 4500</leader>
  <controlfield tag="005">20160914172505.0</controlfield>
  <controlfield tag="008">160914b        xxu||||| |||| 00| 0 eng d</controlfield>
  <datafield tag="020" ind1=" " ind2=" ">
    <subfield code="a">978-93-85039-11-9</subfield>
  </datafield>
  <datafield tag="041" ind1=" " ind2=" ">
    <subfield code="a">eng</subfield>
  </datafield>
  <datafield tag="100" ind1=" " ind2=" ">
    <subfield code="a">Rangwala,S.C</subfield>
    <subfield code="9">3545</subfield>
  </datafield>
  <datafield tag="245" ind1=" " ind2=" ">
    <subfield code="a">Engineering Materials</subfield>
  </datafield>
  <datafield tag="260" ind1=" " ind2=" ">
    <subfield code="b">Charotor</subfield>
    <subfield code="c">2015</subfield>
  </datafield>
  <datafield tag="300" ind1=" " ind2=" ">
    <subfield code="a">462</subfield>
  </datafield>
  <datafield tag="650" ind1=" " ind2=" ">
    <subfield code="a">Engineering</subfield>
    <subfield code="9">3546</subfield>
  </datafield>
  <datafield tag="942" ind1=" " ind2=" ">
    <subfield code="c">BK</subfield>
  </datafield>
  <datafield tag="999" ind1=" " ind2=" ">
    <subfield code="c">5237</subfield>
    <subfield code="d">5235</subfield>
  </datafield>
  <datafield tag="952" ind1=" " ind2=" ">
    <subfield code="0">0</subfield>
    <subfield code="1">0</subfield>
    <subfield code="4">0</subfield>
    <subfield code="7">0</subfield>
    <subfield code="8">REF</subfield>
    <subfield code="a">JRU</subfield>
    <subfield code="b">MAIN</subfield>
    <subfield code="c">SHELF-30-D</subfield>
    <subfield code="d">2016-09-14</subfield>
    <subfield code="e">PURCHASE</subfield>
    <subfield code="g">200.00</subfield>
    <subfield code="l">0</subfield>
    <subfield code="o">620.11</subfield>
    <subfield code="p">21200</subfield>
    <subfield code="r">2016-09-14 00:00:00</subfield>
    <subfield code="w">2016-09-14</subfield>
    <subfield code="y">BK</subfield>
  </datafield>
  <datafield tag="952" ind1=" " ind2=" ">
    <subfield code="0">0</subfield>
    <subfield code="1">0</subfield>
    <subfield code="4">0</subfield>
    <subfield code="7">0</subfield>
    <subfield code="a">JRU</subfield>
    <subfield code="b">MAIN</subfield>
    <subfield code="c">SHELF-46-J</subfield>
    <subfield code="d">2016-09-14</subfield>
    <subfield code="e">PURCHASE</subfield>
    <subfield code="g">200.00</subfield>
    <subfield code="l">6</subfield>
    <subfield code="m">3</subfield>
    <subfield code="p">21201</subfield>
    <subfield code="r">2018-08-18 00:00:00</subfield>
    <subfield code="s">2018-08-14</subfield>
    <subfield code="w">2016-09-14</subfield>
    <subfield code="y">BK</subfield>
  </datafield>
  <datafield tag="952" ind1=" " ind2=" ">
    <subfield code="0">0</subfield>
    <subfield code="1">0</subfield>
    <subfield code="4">0</subfield>
    <subfield code="7">0</subfield>
    <subfield code="a">JRU</subfield>
    <subfield code="b">MAIN</subfield>
    <subfield code="c">SHELF-46-J</subfield>
    <subfield code="d">2016-09-14</subfield>
    <subfield code="e">PURCHASE</subfield>
    <subfield code="g">200.00</subfield>
    <subfield code="l">2</subfield>
    <subfield code="p">21202</subfield>
    <subfield code="r">2018-08-23 00:00:00</subfield>
    <subfield code="s">2018-08-14</subfield>
    <subfield code="w">2016-09-14</subfield>
    <subfield code="y">BK</subfield>
  </datafield>
  <datafield tag="952" ind1=" " ind2=" ">
    <subfield code="0">0</subfield>
    <subfield code="1">0</subfield>
    <subfield code="4">0</subfield>
    <subfield code="7">0</subfield>
    <subfield code="a">JRU</subfield>
    <subfield code="b">MAIN</subfield>
    <subfield code="c">SHELF-47-L</subfield>
    <subfield code="d">2016-09-14</subfield>
    <subfield code="e">PURCHASE</subfield>
    <subfield code="g">200.00</subfield>
    <subfield code="l">1</subfield>
    <subfield code="p">21203</subfield>
    <subfield code="r">2018-08-18 00:00:00</subfield>
    <subfield code="s">2018-08-09</subfield>
    <subfield code="w">2016-09-14</subfield>
    <subfield code="y">BK</subfield>
  </datafield>
  <datafield tag="952" ind1=" " ind2=" ">
    <subfield code="0">0</subfield>
    <subfield code="1">0</subfield>
    <subfield code="4">0</subfield>
    <subfield code="7">0</subfield>
    <subfield code="a">JRU</subfield>
    <subfield code="b">MAIN</subfield>
    <subfield code="c">SHELF-46-J</subfield>
    <subfield code="d">2016-09-14</subfield>
    <subfield code="e">PURCHASE</subfield>
    <subfield code="g">200.00</subfield>
    <subfield code="l">3</subfield>
    <subfield code="p">21204</subfield>
    <subfield code="r">2018-08-21 00:00:00</subfield>
    <subfield code="s">2018-08-18</subfield>
    <subfield code="w">2016-09-14</subfield>
    <subfield code="y">BK</subfield>
  </datafield>
</record>
